La 28a Olimpiada Internacional de Matemática (Record no. 61586)

MARC details
000 -CABECERA
campo de control de longitud fija 00565nam a2200205 a 4500
005 - FECHA Y HORA DE LA ÚLTIMA TRANSACCIÓN
campo de control 20210219152819.0
008 - ELEMENTOS DE LONGITUD FIJA--INFORMACIÓN GENERAL
campo de control de longitud fija 991125n 000 0 spa u
035 ## - NÚMERO DE CONTROL DEL SISTEMA
Número de control de sistema UPN01000062228
100 ## - ASIENTO PRINCIPAL--NOMBRE PERSONAL
Nombre de persona DAVIDSON SAN JUAN, Luis J.
222 ## - TÍTULO CLAVE
Título clave EDUCACIÓN (CUBA)
245 ## - MENCIÓN DE TÍTULO
Título La 28a Olimpiada Internacional de Matemática
300 ## - DESCRIPCIÓN FÍSICA
Extensión 15-22
362 ## - FECHAS DE PUBLICACIÓN Y/O DESIGNACIÓN SECUENCIAL
Fecha de publicación y/o designación secuencial 1987 Año 17, no. 67, oct.-dic.
653 0# - TERMINO DE INDIZACION - NO CONTROLADO
Término no controlado ENSEÑANZA
653 0# - TERMINO DE INDIZACION - NO CONTROLADO
Término no controlado MATEMATICAS
653 0# - TERMINO DE INDIZACION - NO CONTROLADO
Término no controlado MOTIVACION
653 0# - TERMINO DE INDIZACION - NO CONTROLADO
Término no controlado OLIMPIADA INTERNACIONAL DE MATEMATICA
904 ## - ELEMENTOS DE DATOS D LOCAL, LDD (RLIN)
a AC
b 000039
905 ## - TIPO DE MATERIAL
Tipo de material Articulo

No items available.